000 00530nam a2200193Ia 4500
001 13944
003 GE_BSU
008 181216s||||||||xx |||||||||||||| ||und||
040 _cGE_BSU
080 _a821.09
245 _aMiddle ages,renaissance,and reformation.
245 _bClassics of western thought.volume ll.
250 _aThird edition.
260 _bThomson Leanning.
260 _c1980
300 _a575p;21cm.
653 _aMiddle ages,renaissance,and reformation.Classics of western thought.volume ll.
942 _cBK
999 _c47087
_d47087